| 000 | 00472nam a2200193Ia 4500 | ||
|---|---|---|---|
| 003 | GCL | ||
| 008 | 140319s9999 xx 000 0 eng d | ||
| 040 |
_aGCL / _cGCL |
||
| 082 | 0 | 4 |
_a746 _bP T |
| 100 | 1 | _aPARRY, LINDA | |
| 245 | 1 | 0 |
_aTEXTILES OF THE ARTS AND CRAFTS MOVEMENT / _cPARRY, LINDA |
| 260 |
_a[S.N] : _bTHAMES AND HUDSON ، _c1990 |
||
| 300 | _a160 | ||
| 650 | 0 | 4 | _aTEXTILE |
| 650 | 0 | 4 | _aDESIGNERS |
| 650 | 0 | 4 | _aARTS |
| 650 | 0 | 4 | _aCRAFTS |
| 942 |
_2ddc _cBK |
||
| 999 |
_c24084 _d24084 |
||